000 02439nam a2200445 c 4500
003 BLK
005 20250225005538.0
008 180413b bul|||||r ||||||| ||bul||
010 _aKNG00020812000
020 _a954-584-216-4
_bиздат.: Абагар
040 _aBLK
041 _aBUL
_cBUL
080 _aБългарска литература
_b821.163.2
_x(092)
_z821.163.2(092)
080 _aНационалноосвободителното движение в България (1856-1877)
_b94(497.2)"1856/1877"
_x(092)
_z94(497.2)"1856/1877"(092)
080 _aХристо Ботьов Петков, български национален герой, революционер, поет и публицист
_b929 Ботев, Христо
_x
_z929 Ботев, Христо
100 1 _aЖечев, Николай
_qНиколов, Николай Жечев
_d1929 -
_gБългарски историк
_968364
700 1 _aЖечев, Николай
_qНиколов, Николай Жечев
_d1929 -
_gБългарски историк
_968364
139 _aЖечев, Николай
_bБ 70
245 1 0 _aХристо Ботйов
_bЛетопис за живота и дейността му 1847/1848 - 1876
_cНиколай Жечев; Николай Жечев Николов.
257 _aBGR
260 София
_bАбагар
_c1997
_fВраца : Полипринт
300 _a304 с.
_bс ил., факс.
_c24 см
380 _a82
500 _aПълното име на авт. е Николай Жечев Николов ; Библиогр. с. 281-286 ; Именен, геогр. показалец, показалец на вестници, период. изд., кн., лит. и публицист. творби.
504 _a281-286
650 4 _aПоети, български
_9241945
650 4 _aНационалноосвободително движение - България - дейци
_9243361
651 4 _aБългария
_9241624
653 _aбългарски поети
653 _aреволюционери
653 _aХристо Ботев
653 _aбългарска история
653 _aбългарска литература
852 _aЦб 195085
856 4 _qpdf
_u
856 4 _qpdf
_u
942 _cKNG
_n0
944 _aCR
_c11.03.2003
_k
_lCRON CRON
944 _aED
_c10.06.2011
_k
999 _c18735
_d18735